Postup účtovania pri prechode medzi účtovnými sústavami

Prechod zo sústavy jednoduchého účtovníctva do sústavy podvojného účtovníctva. Postupy pri prechode. Praktické príklady.

Gespeichert in:
Bibliographische Detailangaben
1. Verfasser: Gášpárová, Eva
Format: Buchkapitel
Sprache:Slowakisch
Schlagworte:
Tags: Tag hinzufügen
Keine Tags, Fügen Sie das erste Tag hinzu!

MARC

LEADER 00000naa a2200000 4500
001 0252804
005 20221104112948.1
041 0 |a slo 
044 |a SK 
245 1 0 |a Postup účtovania pri prechode medzi účtovnými sústavami  |c Eva Gášpárová 
520 |a Prechod zo sústavy jednoduchého účtovníctva do sústavy podvojného účtovníctva. Postupy pri prechode. Praktické príklady. 
610 2 0 |a postupy účtovné 
610 2 0 |a pravidlá účtovné 
610 2 0 |a účtovníctvo jednoduché 
610 2 0 |a účtovníctvo podvojné 
100 1 |a Gášpárová, Eva